Un perdido
Gorde:
| Egile Nagusiak: | , |
|---|---|
| Formatua: | Liburua |
| Hizkuntza: | gaztelania |
| Argitaratua: |
Santiago
Nascimento
1946
|
| Edizioa: | 5a. ed |
| Gaiak: | |
| Etiketak: |
Etiketa erantsi
Etiketarik gabe, Izan zaitez lehena erregistro honi etiketa jartzen!
|
MARC
| LEADER | 00000nam a2200000 a 4500 | ||
|---|---|---|---|
| 001 | UCX4508 | ||
| 003 | CL-VaPUC | ||
| 008 | 920603e19460000CL |||||||||||||||||spa|d | ||
| 082 | 0 | 4 | |a Ch863 |b BAR |2 21 |
| 100 | 0 | |a Barrios, Eduardo |e author |9 320686 | |
| 700 | |a Gálvez, Manuel |e author |9 320687 | ||
| 245 | 1 | 3 | |a Un perdido |
| 250 | |a 5a. ed | ||
| 300 | |a 2 v | ||
| 942 | |c BK | ||
| 945 | |d 19920603 00:00:00 | ||
| 260 | |a Santiago |b Nascimento |c 1946 | ||
| 650 | 0 | |a Novelas chilenas |9 265425 | |
| 583 | |a last modification |c 19920603 00:00:00 |k Rodrigo Vera | ||
| 999 | |c 224947 |d 224945 | ||
| 952 | |0 0 |1 0 |4 0 |6 CH_863_000000000000000_BAR_1946 |7 0 |8 A |9 222049 |a BIBEDU |b BIBEDU |d 2019-11-15 |h v.1 |i 2908980 |o Ch863 BAR 1946 |p 2908980 |r 2019-11-15 |w 2019-11-15 |y BK |k LIT | ||
| 952 | |0 0 |1 0 |4 0 |6 CH_863_000000000000000_BAR_1946 |7 0 |8 A |9 222050 |a BIBEDU |b BIBEDU |d 2019-11-15 |h v.2 |i 2908999 |o Ch863 BAR 1946 |p 2908999 |r 2019-11-15 |w 2019-11-15 |y BK |k LIT | ||
| 952 | |0 0 |1 0 |4 0 |6 CH_863_000000000000000_BAR_1946 |7 0 |8 A |9 222051 |a BIBEDU |b BIBEDU |d 2019-11-15 |h v.1 |i 1453513 |o Ch863 BAR 1946 |p 1453513 |r 2019-11-15 |w 2019-11-15 |y BK |k LIT | ||
| 952 | |0 0 |1 0 |4 0 |6 CH_863_000000000000000_BAR_1946 |7 0 |8 A |9 222052 |a BIBEDU |b BIBEDU |d 2019-11-15 |h v.2 |i 1453564 |o Ch863 BAR 1946 |p 1453564 |r 2019-11-15 |w 2019-11-15 |y BK |k LIT | ||